Statistiques concernant Culture Générale - Série 2059

Cliquez ici pour prendre le quiz!

Statistiques générales

  • Ce quiz a été pris 79 fois
  • Le résultat moyen est 2 sur 10

Statistiques - réponses

QuestionRéponse% Correct
De quel élément chimique "Na" est-il le symbole ?sodium
87%
Dans quel pays se trouve la ville portuaire d'Aden ?Yémen
47%
Quelle rivière traverse la ville de Savigny (91) ?Orge
39%
Qui interprétait Mary Poppins dans la comédie musicale du même nom de Robert Stevenson de 1965 ?Julie Andrews
13%
En argot, quel verbe signifie "voler le client" lorsqu'il s'agit d'une prostituée ?entôler
5%
Dans quelle ville de l'Essonne se déroule chaque année depuis 1925 la fête des fraises ?Bièvres
3%
Quelle rivière arrose la ville allemande de Iena ?Saale
3%
Quel fruit exotique est appelé aussi "chérimole" ? voir photoanone
1%
Comment s'appelle la rue du 18° arrdt de Paris qui porte le nom du général bonapartiste qui se distingua à la bataille d'Eylau en 1807 ?Lepic
0%
Oiseau palmipède des mers arctiques, qui se nourrit de poisson dérobé à d'autres oiseaux - 11 lettres commençant par " s "stercoraire
0%

Distribution des résultats

Percentile par nombre de réponses

% des personnes avec chaque résultat

Votre développement - résultats

Vous n’avez pas pris ce quiz